Logo BPK

Biblioteka

Politechniki Koszalińskiej

Prawo gospodarcze i handlowe : (Rekord nr 40427)

Szczegóły MARC
000 -ETYKIETA REKORDU
podpole kontrolne o stałej długości 01005nam a2200277 i 4500
001 - NUMER KONTROLNY REKORDU
pole kontrolne bg
020 ## - MIĘDZYNARODOWY ZNORMALIZOWANY NUMER KSIĄŻKI - ISBN
ISBN 8372478163
040 ## - ŹRÓDŁO KATALOGOWANIA
Instytucja, która utworzyła rekord BPK
041 0# - KOD JĘZYKA
Kod języka tekstu pl
080 ## - UNIWERSALNA KLASYFIKACJA DZIESIĘTNA - UKD
UKD 346+347.7](438)(094.4)
920 ## - Międzynarodowy znormalizowany numer książki – ISBN
ISBN 83-7247-816-3
008 - POLE O STAŁEJ DŁUGOŚCI - DANE KONTROLNE
podpole kontrolne o stałej długości s pl f |000 0 pol
245 00 - TYTUŁ/ODPOWIEDZIALNOŚĆ
Tytuł Prawo gospodarcze i handlowe :
Ciąg dalszy tytułu teksty jednolite wraz z indeksem rzeczowym : z komentarzem /
Pozostałe elementy strefy tytułu i oznaczenia odpowiedzialności Jerzego Hrycaja i Aleksandra Stuglika.
250 ## - STREFA WYDANIA
Oznaczenie wydania Stan prawny listopad 2001 r.
260 ## - STREFA ADRESU WYDAWNICZEGO
Miejsce wydania Warszawa :
Nazwa wydawcy/dystrybutora C. H. Beck,
Data publikacji, dystrybucji/powstania dokumentu 2001.
300 ## - STREFA OPISU FIZYCZNEGO
Objętość X, 356 s. ;
Rozmiary 20 cm.
490 1# - STREFA SERII I DOKUMENTU WIELOCZĘŚCIOWEGO - FORMA NIE DO WYSZUKIWANIA
Tytuł i oznaczenie odpowiedzialności serii Teksty Ustaw Becka
500 ## - UWAGI OGÓLNE
Tekst uwagi Na okł. podtyt.: prawo działalności gospodarczej, Krajowy Rejestr Sądowy, ochrona konkurencji i konsumentów, kodeks spółek handlowych.
504 ## - UWAGA DOTYCZĄCA BIBLIOGRAFII
Informacje o bibliografii Indeks.
650 #9 - HASŁO PRZEDMIOTOWE W FORMIE NAZWY OGÓLNEJ LUB JEDNOSTKOWEJ
Nazwa ogólna lub geograficzna Prawo gospodarcze
Określnik geograficzny Polska
Określnik chronologiczny stan na 2001 r.
650 #9 - HASŁO PRZEDMIOTOWE W FORMIE NAZWY OGÓLNEJ LUB JEDNOSTKOWEJ
Nazwa ogólna lub geograficzna Prawo handlowe
Określnik geograficzny Polska
Określnik chronologiczny stan na 2001 r.
700 1# - HASŁO DODATKOWE - NAZWA OSOBOWA
Nazwa osobowa HRYCAJ, Jerzy.
Określenie związku między hasłem a opisywanym materiałem koment
700 1# - HASŁO DODATKOWE - NAZWA OSOBOWA
Nazwa osobowa STUGLIK, Aleksander.
Określenie związku między hasłem a opisywanym materiałem koment
830 ## - HASŁO DODATKOWE SERII LUB DOKUMENTU WIELOCZĘŚCIOWEGO - TYTUŁ UJEDNOLICONY
Tytuł ujednolicony Teksty Ustaw Becka
856 ## - LOKALIZACJA I DOSTĘP DO ELEKTRONICZNYCH DOKUMENTÓW ZDALNYCH
Link (URL) http://koha.tu.koszalin.pl/cgi-bin/koha/opac-detail.pl?biblionumber=40427
Tekst linku Katalog online BPK
942 ## - DODATKOWE ELEMENTY (KOHA)
Typ dokumentu Książka
Egzemplarze
Wycofany Status egzemplarza Uszkodzony Dostępność Lokalizacja stała Lokalizacja bieżąca Miejsce przechowywania Sygnatura Kod kreskowy Dział Typ dokumentu
      Tylko na miejscu Biblioteka Politechniki Koszalińskiej Biblioteka Politechniki Koszalińskiej Czytelnia Wydziałowa ul. Kwiatkowskiego 6e 61182 01635812 346 Prawo gospodarcze Książka
© 2023 Biblioteka Politechniki Koszalińskiej :: KOHA